Histoire de France pour les nuls - Statistiques

Statistiques générales
  • Ce quiz a été pris 332 fois
  • Le résultat moyen est 6 sur 10
Statistiques - réponses
Hint Réponse % Correct
Quel roi fut surnommé le "Roi Soleil" ? Louis XIV
96%
Quelle femme, brûlée vive en 1431, est devenue un symbole de l'histoire de France ? Jeanne d'Arc
95%
En quelle année la Révolution française a-t-elle commencé ? 1789
91%
Qui fut le premier roi des Francs sacrés par l'Église catholique ? Clovis
87%
Quelle dynastie a régné sur la France après les Mérovingiens ? Les Carolingiens
67%
Quelle invention a été popularisée par les frères Montgolfier en 1783 ? La montgolfière
61%
Quel célèbre écrivain a également joué un rôle important dans la Révolution de 1848 ? Victor Hugo
57%
Quelle bataille de 732 est connue pour avoir stoppé l'avancée musulmane en Europe ? La bataille de Poitiers
19%
Qui était l'ennemi principal de la France durant la guerre de Cent Ans ? L'Angleterre
12%
Quelle célèbre bataille Napoléon Bonaparte a-t-il remportée en 1805 ? La bataille d'Austerlitz
11%
Aucun quiz correspondant
Distribution des résultats
% des personnes avec chaque résultat
Percentile par nombre de réponses
Votre historique - résultats
Vous n’avez pas pris ce quiz